[Event "Open"]
[Site "Geneve"]
[Date "2004.01.27"]
[Round "4"]
[White "Palac, Mladen"]
[Black "Ulibin, Mikhail"]
[Result "1/2-1/2"]
[WhiteElo "2534"]
[BlackElo "2570"]
[PlyCount "77"]
[EventDate "2004.??.??"]
[Source "Roberto Alvarez"]
[SourceDate "2004.02.23"]

1. e4 e6 2. d4 d5 3. Nc3 Nf6 4. Bg5 Be7 5. e5 Nfd7 6. Bxe7 Qxe7 7. f4 O-O 8. Nf3 c5 9. dxc5 Nc6 10. Bd3 f6 11. exf6 Qxf6 12. g3 Nxc5 13. O-O a6 14. Qd2 Bd7 15. Rae1 Rae8 16. Rf2 h6 17. Bf1 Kh8 18. a3 b5 19. b4 Nb7 20. a4 Nd6 21. axb5 axb5 22. Bxb5 Rb8 23. Bxc6 Bxc6 24. Rfe2 Nc4 25. Qd4 Bd7 26. Qxf6 Rxf6 27. Nd4 Rxb4 28. f5 Nb6 29. fxe6 Rxd4 30. exd7 Nxd7 31. Re7 Nb6 32. Rc7 Rd2 33. Re8+ Kh7 34. Ne2 Rd6 35. Nf4 Rd7 36. Rc6 Ra7 37. Re2 Rxe2 38. Nxe2 Nd7 39. Nf4 1/2-1/2

[Event "Geneva (Switzerland)"]
[Site "?"]
[Date "2004.01.27"]
[Round "4"]
[White "Palac Mladen"]
[Black "Ulibin Mikhail"]
[Result "1/2-1/2"]
[WhiteElo "2543"]
[BlackElo "2556"]
[PlyCount "51"]
[EventDate "2004.??.??"]
[Source "www.chesslib.no"]
[SourceDate "2004.05.04"]

1. e4 e6 2. d4 d5 3. Nc3 Nf6 4. Bg5 Be7 5. e5 Nfd7 6. Bxe7 Qxe7 7. f4 O-O 8. Nf3 c5 9. dxc5 Nc6 10. Bd3 f6 11. exf6 Qxf6 12. g3 Nxc5 13. O-O a6 14. Qd2 Bd7 15. Rae1 Rae8 16. a3 b5 17. b4 Nb7 18. a4 Nd6 19. axb5 axb5 20. Bxb5 Rb8 21. Bxc6 Bxc6 22. Qd4 Bd7 23. Qxf6 Rxf6 24. Nd4 Rxb4 25. f5 Rxd4 26. Ne2 1/2-1/2

[Event "ISL-ch playoff"]
[Site "Reykjavik"]
[Date "1995.??.??"]
[Round "1"]
[White "Stefansson, Hannes"]
[Black "Hjartarson, Johann"]
[Result "1-0"]
[WhiteElo "2520"]
[BlackElo "2570"]
[PlyCount "87"]
[EventDate "1995.??.??"]
[Source "ChessBase"]

1. e4 e6 2. d4 d5 3. Nc3 Nf6 4. Bg5 Be7 5. e5 Nfd7 6. Bxe7 Qxe7 7. f4 a6 8. Nf3 c5 9. Qd2 Nc6 10. dxc5 Nxc5 11. Bd3 O-O 12. O-O f5 13. exf6 Qxf6 14. g3 Bd7 15. Rae1 Be8 16. Ne5 Rc8 17. Rf2 Nxe5 18. Rxe5 Rc6 19. Bf1 Nd7 20. Re1 Nb6 21. Nd1 Bg6 22. Qb4 Be4 23. Ne3 Nc8 24. c4 Qf7 25. Ng4 Qc7 26. Ne5 Rd6 27. c5 Rdd8 28. Bd3 Bxd3 29. Nxd3 Rf6 30. Rfe2 Re8 31. Ne5 Rff8 32. Nf3 b6 33. cxb6 Nxb6 34. Rxe6 Rxe6 35. Rxe6 Rb8 36. Qd4 h6 37. b3 a5 38. a4 Qc1+ 39. Re1 Qc7 40. Nh4 Qd7 41. f5 Nc8 42. Ng6 Nd6 43. Re7 Nxf5 44. Qe5 1-0

[Event "AUT-chT 0102"]
[Site "?"]
[Date "2002.03.08"]
[Round "9"]
[White "Rabiega Robert"]
[Black "Luther Thomas"]
[Result "1/2-1/2"]
[WhiteElo "2514"]
[BlackElo "2573"]
[PlyCount "47"]
[EventDate "2002.??.??"]
[Source "www.chesslib.no"]
[SourceDate "2004.05.04"]

1. e4 e6 2. d4 d5 3. Nc3 Nf6 4. Bg5 Be7 5. e5 Nfd7 6. Bxe7 Qxe7 7. f4 a6 8. Qd2 c5 9. dxc5 Nxc5 10. Nf3 Nc6 11. Bd3 O-O 12. O-O f5 13. exf6 Qxf6 14. g3 h6 15. Rae1 Bd7 16. Qf2 Nxd3 17. cxd3 Be8 18. Qe2 Bh5 19. Qg2 Bg6 20. Ne5 Nxe5 21. Rxe5 Bxd3 22. Rfe1 Bf5 23. g4 Be4 24. Nxe4 1/2-1/2

[Event "Island-France"]
[Site "?"]
[Date "1993.??.??"]
[Round "?"]
[White "Hjartarson, J."]
[Black "Bricard, E."]
[Result "1-0"]
[WhiteElo "2625"]
[BlackElo "2460"]
[PlyCount "69"]
[EventDate "1993.??.??"]
[Source "ChessBase"]
[SourceDate "1993.02.01"]

1. e4 e6 2. d4 d5 3. Nc3 Nf6 4. Bg5 Be7 5. e5 Nfd7 6. Bxe7 Qxe7 7. f4 a6 8. Qg4 O-O 9. Bd3 c5 10. f5 cxd4 11. f6 Nxf6 12. Qh4 h6 13. exf6 Qxf6 14. Qxf6 gxf6 15. Na4 Nd7 16. b3 b5 17. Nb2 e5 18. Ne2 Nc5 19. O-O Nxd3 20. Nxd3 Kg7 21. Ng3 Kg6 22. Rf2 Rb8 23. Raf1 Rb6 24. h4 Re8 25. Nf5 a5 26. Rf3 Bxf5 27. Rxf5 b4 28. g4 Rg8 29. Kh2 Rc6 30. R1f2 Rgc8 31. Kg3 R8c7 32. Rf1 Rc8 33. g5 hxg5 34. hxg5 e4 35. gxf6 1-0

[Event "300 Years"]
[Site "St Petersburg"]
[Date "2003.10.25"]
[Round "8"]
[White "Turov, Maxim"]
[Black "Gleizerov, Evgeny"]
[Result "1/2-1/2"]
[WhiteElo "2509"]
[BlackElo "2574"]
[PlyCount "34"]
[EventDate "2003.10.18"]
[Source "Roberto Alvarez"]
[SourceDate "2003.10.27"]

1. e4 e6 2. d4 d5 3. Nc3 Nf6 4. Bg5 Be7 5. e5 Nfd7 6. Bxe7 Qxe7 7. f4 O-O 8. Nf3 c5 9. dxc5 Nc6 10. Bd3 f5 11. exf6 Qxf6 12. g3 Nxc5 13. O-O a6 14. Qd2 Bd7 15. Rae1 Rae8 16. Qf2 b6 17. a3 Bc8 1/2-1/2

[Event "Moscow RUS"]
[Site "?"]
[Date "2006.02.02"]
[Round "5"]
[White "Romanov Evgeny"]
[Black "Riazantsev Alexander"]
[Result "1/2-1/2"]
[WhiteElo "2489"]
[BlackElo "2594"]
[PlyCount "36"]
[EventDate "2006.??.??"]
[Source "www.chesslib.no"]
[SourceDate "2004.05.04"]

1. e4 e6 2. d4 d5 3. Nc3 Nf6 4. Bg5 Be7 5. e5 Nfd7 6. Bxe7 Qxe7 7. f4 O-O 8. Qd2 c5 9. Nf3 Nc6 10. dxc5 Qxc5 11. O-O-O Nb6 12. Kb1 Bd7 13. Bd3 Rac8 14. Bxh7+ Kxh7 15. Ng5+ Kg8 16. Qd3 Rfe8 17. Qh7+ Kf8 18. Nce4 dxe4 1/2-1/2

[Event "Capablanca Elite 32nd"]
[Site "Cienfuegos"]
[Date "1997.05.17"]
[Round "9"]
[White "Morovic Fernandez, Ivan"]
[Black "Borges Mateos, Juan"]
[Result "1/2-1/2"]
[WhiteElo "2580"]
[BlackElo "2500"]
[PlyCount "83"]
[EventDate "1997.05.05"]
[Source "ChessBase"]
[SourceDate "1997.08.01"]

1. e4 e6 2. d4 d5 3. Nc3 Nf6 4. Bg5 Be7 5. e5 Nfd7 6. Bxe7 Qxe7 7. f4 a6 8. Nf3 c5 9. Qd2 Nc6 10. dxc5 Qxc5 11. Bd3 Nb6 12. a3 Nc4 13. Bxc4 Qxc4 14. b3 Qc5 15. Na4 Qe7 16. c4 dxc4 17. Nb6 Rb8 18. Nxc4 O-O 19. O-O Rd8 20. Qe3 Bd7 21. Rad1 Qf8 22. Nd6 h6 23. Nd4 Nxd4 24. Rxd4 Qe7 25. Rfd1 Bc6 26. Qg3 Qf8 27. h4 Rd7 28. Kh2 Rbd8 29. R1d2 Kh8 30. h5 Qe7 31. R2d3 Rg8 32. Qh3 Rc7 33. Rc3 Bd5 34. Rxc7 Qxc7 35. Rd3 Qe7 36. Rg3 Rd8 37. Qg4 Rg8 38. b4 Qc7 39. a4 Qe7 40. b5 Qd7 41. Qh3 Rf8 42. Qg4 1/2-1/2

[Event "New York op"]
[Site "?"]
[Date "1988.??.??"]
[Round "?"]
[White "De Firmian, N."]
[Black "Chernin, A."]
[Result "1/2-1/2"]
[WhiteElo "2515"]
[BlackElo "2560"]
[PlyCount "20"]
[EventDate "1988.??.??"]
[Source "www.chesslib.no"]
[SourceDate "2004.05.04"]

1. e4 e6 2. d4 d5 3. Nc3 Nf6 4. Bg5 Be7 5. e5 Nfd7 6. Bxe7 Qxe7 7. f4 O-O 8. Nge2 c5 9. Kf2 Nc6 10. Kg1 Re8 1/2-1/2

[Event "Sochi"]
[Site "Sochi RUS"]
[Date "1988.??.??"]
[Round "?"]
[White "Arnason, Jon L"]
[Black "Dolmatov, Sergey V"]
[Result "1/2-1/2"]
[WhiteElo "2510"]
[BlackElo "2565"]
[PlyCount "179"]
[EventDate "1988.09.??"]
[Source "www.chesslib.no"]
[SourceDate "2004.05.04"]

1. e4 e6 2. d4 d5 3. Nc3 Nf6 4. Bg5 Be7 5. e5 Nfd7 6. Bxe7 Qxe7 7. f4 O-O 8. Nf3 c5 9. dxc5 Nxc5 10. Qd2 Nc6 11. O-O-O a6 12. Qe3 b5 13. Bd3 Nxd3+ 14. cxd3 f6 15. Rhf1 Bd7 16. Ne2 fxe5 17. Nxe5 Nxe5 18. Qxe5 Rf5 19. Qe3 Raf8 20. Nd4 R5f7 21. Rf3 Qd6 22. Rdf1 a5 23. Qe5 Rc8+ 24. Kb1 Qc7 25. Qxc7 Rxc7 26. Re1 Rf6 27. g3 Kf7 28. Rfe3 b4 29. R3e2 g6 30. Re5 h6 31. h4 Rc8 32. R1e2 Rc7 33. Re1 Rc8 34. Rc1 Rxc1+ 35. Kxc1 Ke7 36. Nb3 Rf8 37. d4 Rc8+ 38. Nc5 Rb8 39. Kd2 h5 40. Re1 Kd6 41. Rc1 Bb5 42. Re1 Bd7 43. Ke3 Ke7 44. Kf2 Rb6 45. Rc1 Rc6 46. Ke3 Rc8 47. Kd2 Bb5 48. a3 bxa3 49. bxa3 a4 50. Rb1 Bc6 51. Rb6 Kf6 52. Ke3 Kf5 53. Kf3 Kf6 54. g4 hxg4+ 55. Kxg4 Rc7 56. Na6 Rc8 57. Nb4 Ba8 58. Nd3 Bc6 59. Nb4 Ba8 60. Nd3 Bc6 61. Nc5 Rc7 62. Rb8 Re7 63. Rf8+ Rf7 64. Rd8 Bb5 65. Rd6 Re7 66. Rb6 Be2+ 67. Kg3 Bd1 68. Rb8 Bc2 69. Rf8+ Kg7 70. Rc8 Kf6 71. Na6 Bd1 72. Nc5 Bc2 73. Rf8+ Kg7 74. Rd8 Bd1 75. Nd7 Rf7 76. Nc5 Re7 77. Kf2 Kf6 78. Ke1 Bb3 79. Kf2 Bd1 80. Ra8 Rh7 81. Kg3 Re7 82. Ra6 Kf5 83. Rb6 Kf6 84. Nd3 Rc7 85. Nc5 Re7 86. Rb8 Bc2 87. Rd8 Bd1 88. Nd7+ Kf5 89. Nc5 Kf6 90. Rf8+ 1/2-1/2

[Event "Minsk op"]
[Site "Minsk"]
[Date "1997.??.??"]
[Round "5"]
[White "Kruppa, Yuri"]
[Black "Ulibin, Mikhail"]
[Result "1-0"]
[WhiteElo "2520"]
[BlackElo "2555"]
[PlyCount "90"]
[EventDate "1997.??.??"]
[Source "www.chesslib.no"]
[SourceDate "2004.05.04"]

1. e4 e6 2. d4 d5 3. Nc3 Nf6 4. Bg5 Be7 5. e5 Nfd7 6. Bxe7 Qxe7 7. f4 O-O 8. Nf3 c5 9. Qd2 Nc6 10. dxc5 Qxc5 11. O-O-O Nb6 12. h4 f6 13. exf6 Rxf6 14. Bd3 Bd7 15. Rhe1 Nc4 16. Bxc4 Qxc4 17. g3 Be8 18. Ne5 Nxe5 19. Rxe5 Bg6 20. b3 Qb4 21. Kb2 Rc8 22. a3 Qc5 23. Rc1 h6 24. Ne2 Qf2 25. Qd4 Qxd4+ 26. Nxd4 Kf7 27. Nb5 Rc5 28. c4 Ke7 29. cxd5 Rxd5 30. Rxd5 exd5 31. Rc7+ Kf8 32. Nd4 Rb6 33. f5 Bf7 34. g4 g6 35. a4 a5 36. Kc3 Ke8 37. Kd3 Kf8 38. Ke3 Kg7 39. Rc3 Kf6 40. Rc5 Ke5 41. Rb5 Rxb5 42. Nxb5 b6 43. f6 Be8 44. b4 Kxf6 45. Kf4 Bxb5 1-0

[Event "Biel (open) 85/276"]
[Site "?"]
[Date "2002.??.??"]
[Round "?"]
[White "Jenni, F."]
[Black "Tukmakov, V."]
[Result "0-1"]
[WhiteElo "2505"]
[BlackElo "2566"]
[PlyCount "150"]
[EventDate "2002.??.??"]
[Source "Chess Informant"]
[SourceDate "2002.06.01"]

1. e4 e6 2. d4 d5 3. Nc3 Nf6 4. Bg5 Be7 5. e5 Nfd7 6. Bxe7 Qxe7 7. f4 a6 8. Nf3 c5 9. dxc5 Nc6 10. Qd2 O-O 11. O-O-O Nxc5 12. Bd3 b5 13. Ne2 b4 14. Kb1 a5 15. Ned4 Nxd4 16. Nxd4 Ba6 17. Rhe1 Rfc8 18. f5 b3 19. axb3 Bxd3 20. cxd3 a4 21. f6 gxf6 22. b4 Nb3 23. Qf4 Nxd4 24. Qxd4 Rcb8 25. Qc5 Qf8 26. Qxf8+ Kxf8 27. exf6 Rxb4 28. Ka2 Rab8 29. Rd2 Rf4 30. Re3 Rxf6 31. Rh3 Kg7 32. Rh4 Ra8 33. Rg4+ Kf8 34. Rh4 h6 35. Ka3 Rf1 36. Ka2 Kg7 37. Rg4+ Kf6 38. g3 e5 39. Re2 h5 40. Rh4 Rf5 41. Rb4 Ra6 42. Rb8 Re6 43. Ra8 Rf3 44. Rd2 h4 45. gxh4 e4 46. dxe4 dxe4 47. Rxa4 e3 48. Re2 Kf5 49. Kb3 Rf2 50. Re1 Re4 51. Ra7 Kg4 52. Kc3 f5 53. b4 f4 54. b5 Re6 55. Raa1 Rxh2 56. Rg1+ Kh3 57. Raf1 Rg2 58. Rh1+ Kg3 59. Rb1 Rd2 60. h5 Rdd6 61. Rhg1+ Kf3 62. Rgf1+ Kg4 63. Rb4 e2 64. Rbxf4+ Kxh5 65. Rh1+ Kg5 66. Rf2 e1=Q+ 67. Rxe1 Rxe1 68. Kb4 Rb1+ 69. Kc5 Re6 70. Rg2+ Kf6 71. Rf2+ Ke7 72. Rf5 Rc1+ 73. Kb4 Kd7 74. Rf7+ Re7 75. Rf6 Kc7 0-1

[Event "Kuban Spring"]
[Site "?"]
[Date "2002.04.??"]
[Round "?"]
[White "Tseshkovsky Vitaly"]
[Black "Bagirov Rufat"]
[Result "0-1"]
[WhiteElo "2554"]
[BlackElo "2516"]
[PlyCount "112"]
[EventDate "2002.??.??"]
[Source "www.chesslib.no"]
[SourceDate "2004.05.04"]

1. e4 e6 2. d4 d5 3. Nc3 Nf6 4. Bg5 Be7 5. e5 Nfd7 6. Bxe7 Qxe7 7. f4 a6 8. Nf3 c5 9. Qd2 Nc6 10. dxc5 Nxc5 11. O-O-O b5 12. Kb1 b4 13. Ne2 a5 14. Ned4 Nxd4 15. Nxd4 O-O 16. Be2 Bd7 17. Bf3 Rab8 18. Rhe1 Na4 19. Ka1 Nb6 20. b3 Rfc8 21. g4 Rc3 22. h4 Rbc8 23. g5 Qc5 24. h5 Bb5 25. Re3 a4 26. Bg4 Bd7 27. Kb1 Na8 28. Rd3 Nc7 29. f5 exf5 30. Bxf5 Bxf5 31. Nxf5 axb3 32. axb3 Ra8 33. Rxd5 Nxd5 34. Qxd5 Qxd5 35. Ne7+ Kh8 36. Nxd5 Rg3 37. g6 hxg6 38. hxg6 Rxg6 39. Nxb4 Rg2 40. Rd7 Rf8 41. Nc6 g5 42. Nd8 Kg8 43. Kb2 g4 44. Rd4 g3 45. e6 fxe6 46. Rg4+ Kh7 47. Nxe6 Rc8 48. Rh4+ Kg8 49. Nd4 Kf7 50. Rf4+ Kg6 51. Ka3 Kh5 52. Nf3 Rcxc2 53. Rh4+ Kg6 54. Ne1 Ra2+ 55. Kb4 Rge2 56. Nd3 Kg5 0-1

[Event "Moscow PCA-Intel qual"]
[Site "Moscow"]
[Date "1995.??.??"]
[Round "6"]
[White "Glek, Igor V"]
[Black "Nikolenko, Oleg"]
[Result "1-0"]
[WhiteElo "2590"]
[BlackElo "2480"]
[PlyCount "39"]
[EventDate "1995.??.??"]
[Source "ChessBase"]

1. e4 e6 2. d4 d5 3. Nc3 Nf6 4. Bg5 Be7 5. e5 Nfd7 6. Bxe7 Qxe7 7. f4 O-O 8. Nf3 c5 9. Qd2 Nc6 10. dxc5 Qxc5 11. O-O-O Nb6 12. h4 Bd7 13. h5 Rac8 14. h6 g6 15. Nh2 Na5 16. Ng4 Nbc4 17. Bxc4 Nxc4 18. Qd4 Qb4 19. Nxd5 exd5 20. e6 1-0

[Event "Minsk"]
[Site "?"]
[Date "1997.??.??"]
[Round "?"]
[White "Kruppa, Y."]
[Black "Ulibin, M."]
[Result "1-0"]
[WhiteElo "2535"]
[BlackElo "2535"]
[PlyCount "95"]
[EventDate "1997.??.??"]
[Source "ChessBase"]
[SourceDate "1997.06.01"]

1. e4 e6 2. d4 d5 3. Nc3 Nf6 4. Bg5 Be7 5. e5 Nfd7 6. Bxe7 Qxe7 7. f4 O-O 8. Nf3 c5 9. Qd2 Nc6 10. dxc5 Qxc5 11. O-O-O Nb6 12. h4 f6 13. exf6 Rxf6 14. Bd3 Bd7 15. Rhe1 Nc4 16. Bxc4 Qxc4 17. g3 Be8 18. Ne5 Nxe5 19. Rxe5 Bg6 20. b3 Qb4 21. Kb2 Rc8 22. a3 Qc5 23. Rc1 h6 24. Ne2 Qf2 25. Qd4 Qxd4+ 26. Nxd4 Kf7 27. Nb5 Rc5 28. c4 Ke7 29. cxd5 Rxd5 30. Rxd5 exd5 31. Rc7+ Kf8 32. Nd4 Rb6 33. f5 Bf7 34. g4 g6 35. Kc3 gxf5 36. gxf5 Ke8 37. a4 a5 38. Kd3 Kf8 39. Ke3 Kg7 40. Rc5 Kf6 41. Rxa5 Ke5 42. Rb5 Rxb5 43. Nxb5 b6 44. f6 Bg6 45. b4 Kxf6 46. Kd4 Be8 47. Nc3 Ke6 48. b5 1-0

[Event "Pardubice Czech op"]
[Site "Pardubice"]
[Date "2002.07.22"]
[Round "4"]
[White "Acs, Peter"]
[Black "Brynell, Stellan"]
[Result "1/2-1/2"]
[WhiteElo "2560"]
[BlackElo "2508"]
[PlyCount "48"]
[EventDate "2002.07.19"]
[Source "ChessBase"]
[SourceDate "2002.09.11"]

1. e4 e6 2. d4 d5 3. Nc3 Nf6 4. Bg5 Be7 5. e5 Nfd7 6. Bxe7 Qxe7 7. f4 O-O 8. Nf3 c5 9. Qd2 Nc6 10. O-O-O c4 11. f5 f6 12. fxe6 Nb6 13. g3 Bxe6 14. Bg2 fxe5 15. Nxe5 Nxe5 16. dxe5 Rad8 17. Qe3 Qf7 18. Rd2 Qh5 19. a4 Qe8 20. a5 Na4 21. Rhd1 Nxc3 22. Qxc3 Qa4 23. Qa3 Qb5 24. Kb1 h6 1/2-1/2

[Event "Finjub30 GM1"]
[Site "Finjub30 GM1"]
[Date "1992.??.??"]
[Round "?"]
[White "Rittner, Horst R"]
[Black "Carleton, John Joseph"]
[Result "1/2-1/2"]
[WhiteElo "2590"]
[BlackElo "2475"]
[PlyCount "76"]
[EventDate "1992.??.??"]
[Source "www.chesslib.no"]
[SourceDate "2004.05.04"]

1. e4 e6 2. d4 d5 3. Nc3 Nf6 4. Bg5 Be7 5. e5 Nfd7 6. Bxe7 Qxe7 7. f4 a6 8. Nf3 c5 9. dxc5 Nc6 10. Qd2 Qxc5 11. a3 b5 12. Qf2 Bb7 13. Qxc5 Nxc5 14. O-O-O O-O 15. Bd3 b4 16. axb4 Nxb4 17. Nd4 a5 18. Be2 a4 19. Ndb5 Ba6 20. Kb1 Rfb8 21. Na3 Nc6 22. Rde1 Rb4 23. Bxa6 Rxa6 24. Rhf1 Rab6 25. Nd1 Ne4 26. Kc1 h6 27. Re3 Nd4 28. Rd3 Ne2+ 29. Kb1 Nc5 30. Rdf3 Ne4 31. Rd3 d4 32. Ka1 Nc1 33. Rh3 d3 34. cxd3 Nc5 35. Nc2 Rb3 36. d4 N5d3 37. Rff3 a3 38. Nxa3 Rxa3+ 1/2-1/2

[Event "Las Palmas3"]
[Site "Las Palmas"]
[Date "1993.??.??"]
[Round "5"]
[White "Magem Badals, Jordi"]
[Black "Ulibin, Mikhail"]
[Result "1/2-1/2"]
[WhiteElo "2505"]
[BlackElo "2560"]
[PlyCount "54"]
[EventDate "1993.12.??"]
[Source "ChessBase"]

1. e4 e6 2. d4 d5 3. Nc3 Nf6 4. Bg5 Be7 5. e5 Nfd7 6. Bxe7 Qxe7 7. f4 a6 8. Qd2 b6 9. Nd1 c5 10. c3 Nc6 11. Nf3 f5 12. c4 cxd4 13. cxd5 exd5 14. Nxd4 Ndxe5 15. Be2 Bd7 16. Nxc6 Nxc6 17. Qxd5 Qb4+ 18. Qd2 Qxd2+ 19. Kxd2 O-O 20. Nc3 Nd4 21. Bc4+ Be6 22. Bxe6+ Nxe6 23. Ke3 Rac8 24. g3 Rfe8 25. Kf2 b5 26. Rac1 Red8 27. Ke3 Kf7 1/2-1/2

[Event "Dubai op"]
[Site "Dubai"]
[Date "2000.05.04"]
[Round "6"]
[White "Ulibin, Mikhail"]
[Black "Bagirov, Rufat"]
[Result "1/2-1/2"]
[WhiteElo "2580"]
[BlackElo "2481"]
[PlyCount "70"]
[EventDate "2000.04.28"]
[Source "www.chesslib.no"]
[SourceDate "2004.05.04"]

1. e4 e6 2. d4 d5 3. Nc3 Nf6 4. Bg5 Be7 5. e5 Nfd7 6. Bxe7 Qxe7 7. f4 O-O 8. Nf3 c5 9. dxc5 f6 10. exf6 Qxf6 11. g3 Nc6 12. Bd3 Nxc5 13. O-O Bd7 14. Qd2 Nxd3 15. cxd3 e5 16. Rae1 exf4 17. Nxd5 Qd6 18. Nxf4 Bg4 19. Qe3 Rad8 20. Ng5 h6 21. Ne4 Qb4 22. h3 Bf5 23. Rf2 Ne5 24. a3 Qa5 25. Nc5 Rde8 26. Nce6 Nxd3 27. Nxd3 Rxe6 28. Ne5 Ref6 29. b4 Qa6 30. h4 Be6 31. Rxf6 Rxf6 32. Rd1 Kh7 33. g4 Kg8 34. Kg2 Rf8 35. Kg3 Qb5 1/2-1/2

[Event "Sochi"]
[Site "?"]
[Date "1988.??.??"]
[Round "?"]
[White "Dolmatov, S."]
[Black "Drasko, M."]
[Result "1-0"]
[WhiteElo "2550"]
[BlackElo "2510"]
[PlyCount "147"]
[EventDate "1988.??.??"]
[Source "ChessBase"]
[SourceDate "1988.07.01"]

1. e4 e6 2. d4 d5 3. Nc3 Nf6 4. Bg5 Be7 5. e5 Nfd7 6. Bxe7 Qxe7 7. f4 O-O 8. Nf3 c5 9. Qd2 Nc6 10. O-O-O a6 11. dxc5 Nxc5 12. Kb1 Bd7 13. Qe3 Rfd8 14. Bd3 Nxd3 15. cxd3 f6 16. Ne2 fxe5 17. Nxe5 Nxe5 18. Qxe5 Qf6 19. Nd4 Qxe5 20. fxe5 Rf8 21. Rhf1 Rac8 22. g3 h6 23. b3 Rf7 24. Rxf7 Kxf7 25. Rc1 Rxc1+ 26. Kxc1 Ke7 27. b4 Be8 28. Kd2 Bd7 29. Ke3 Kd8 30. Ne2 Be8 31. Nf4 Ke7 32. Kd4 b6 33. Kc3 Bb5 34. Ne2 Be8 35. Kb3 Bb5 36. Nc1 Kd8 37. a4 Be8 38. a5 Kc7 39. Ne2 Bh5 40. Nd4 Bf7 41. h4 g6 42. Kc3 Kb7 43. g4 Kc7 44. g5 hxg5 45. hxg5 Kb7 46. Kb3 Kc7 47. Ka3 Kb7 48. Nb3 Bg8 49. axb6 Kxb6 50. Ka4 Bf7 51. Nc5 Be8+ 52. Kb3 Bf7 53. Ka3 a5 54. Kb3 Kc6 55. d4 axb4 56. Kxb4 Kb6 57. Na4+ Kc6 58. Ka5 Kb7 59. Nc5+ Kc7 60. Kb5 Be8+ 61. Ka6 Bf7 62. Ka7 Bg8 63. Nb7 Kc6 64. Nd6 Bh7 65. Ka6 Bg8 66. Ka5 Bh7 67. Nf7 Bg8 68. Nh6 Bh7 69. Ka6 Kc7 70. Kb5 Kb7 71. Kc5 Kc7 72. Nf7 Bg8 73. Nd6 Bh7 74. Ne8+ 1-0